000 00513nam a2200133Ia 4500
008 150609s9999 xx 000 0 und d
050 _aBF 698
_b.D683 2015
100 _aDonida, Luis Gabriel P.
245 _aSelf-perception and life values profile of anime viewers in Las Piñas City /
_cLuis Gabriel P. Donida.
260 _aLas Piñas, Philippines :
_bSISC,
_c2015.
300 _a64 pages :
_billustrations ;
_c28 cm.
500 _aIncludes bibliographical references and appendices.
650 _aSelf-perception.
999 _c285085
_d285085